Selected papers of F. W. J. Oliver. t.I /

Shranjeno v:
Bibliografske podrobnosti
Drugi avtorji: Wong, Roderick (edited.)
Format: Sách giấy
Jezik:English
Izdano: Singapore ; River Edge, N.J. : World Scientific, c2000.
Oznake: Označite
Brez oznak, prvi označite!
Thư viện lưu trữ: Thư viện Trường Đại học Đà Lạt
LEADER 00774nam a2200313 4500
001 DLU210196527
005 ##20210601
020 # # |a 9789810249946 
040 # # |a DLU  |b vie 
041 # # |a eng 
044 # # |a sg 
082 # # |a 510  |b Sel 
245 # # |a Selected papers of F. W. J. Oliver.   |n t.I /  |c Edited by Roderick Wong. 
260 # # |a Singapore ;  |a River Edge, N.J. :  |b World Scientific,  |c c2000. 
300 # # |a xvii, 520 p. ;  |c 26 cm. 
504 # # |a Includes references. 
700 # # |a Wong, Roderick,  |e edited. 
923 # # |a 01/2021 
990 # # |a t.I 
991 # # |a SH 
992 # # |a 8125526 
994 # # |a DLU 
900 # # |a True 
911 # # |a Nguyễn Thanh Hương 
925 # # |a G 
926 # # |a A 
927 # # |a SH 
980 # # |a Thư viện Trường Đại học Đà Lạt